000 00334nam a22001217a 4500
008 180822b xxu||||| |||| 00| 0 eng d
022 _a22259503(2015)17:2
050 _aPER
245 _aChiedza, Lighting Africa: Journal of Arrupe College
260 _aHarare
_bArrupe College
_c1998
300 _avols
942 _2lcc
_cPERIODICAL
_s1
999 _c128043
_d128043